000 00765nam a2200253 a 4500
001 BRCA_7686
005 20190320205938.0
008 160813s1962----sp-ae#####---#000-0#eng-#
041 _aeng
044 _asp
050 4 _aDP402.T6
_b.G66 1962
100 1 _aGómez de la Serna, Gaspar
_918977
245 1 0 _aToledo
_cGaspar Gómez de la Serna : english translation by John Forrester.
250 _a4
260 _aBarcelona
_bNoguer
_c1962
300 _a48 p.
_bil., mapas, planos
_c19 cm.
440 0 _aAndar y Ver, Guides to Spain
_918978
500 _aU25
520 3 _aPractical information supplement to the guide to Toledo
651 4 _aToledo, España
_xDescripción
_918979
700 1 _aForrester, John
_etr.
_918980
902 _aGFM
942 _2lcc
_cB
999 _c7360
_d7360